| 000 | 00683nam a2200241 a 4500 | ||
|---|---|---|---|
| 001 | 68871 | ||
| 003 | BD-RjUL | ||
| 005 | 20211209081823.0 | ||
| 008 | 170406s1977 enka 001 0 eng d | ||
| 035 | _a(BD-RjUL)69082 | ||
| 040 |
_aDLC _cDLC _dBD-RjUL _beng |
||
| 041 | _aeng | ||
| 082 | 0 | 0 |
_a620.11 _223 _bCHM 1977 |
| 100 | 2 |
_aChoudhury, Samir Kumar Hajra _9204076 |
|
| 245 | 1 | 0 |
_aMaterials science and processes / _cS. K. Hajra Choudhury |
| 250 | _a1st ed. | ||
| 260 |
_aLondon : _bJ. K. Publishers, _c1977. |
||
| 300 |
_axxv, 603 p. : _bill. ; _c21 cm. |
||
| 500 | _aIncludes index. | ||
| 650 | 0 |
_aEngineering Materials. _9161627 |
|
| 942 |
_2ddc _cBK |
||
| 999 |
_c68871 _d68871 |
||